| 000 | 01046nam a2200229 a 4500 | ||
|---|---|---|---|
| 001 | 000549892 | ||
| 003 | AM-YEHGA | ||
| 005 | 20260123094633.0 | ||
| 008 | 070911s1945 ai | |||||||||||||arm|d | ||
| 040 | _aAM-YEHGA | ||
| 041 | 0 | _aarm | |
| 100 | 1 | _aԱբրահամյան, Ա.Ա. | |
| 245 | 1 | 0 |
_aԱրսեն Այտընյանի «Քննական քերականություն աշխարհաբար կամ արդի հայերեն լեզվի» աշխատության «Նախաշավիղը» / _cԱ.Ա. Աբրահամյան; ՀՍՍՌ պետ. մանկ. ին-տ. |
| 260 |
_aԵրևան : _bտպ. Հեռ. մանկ. ին-տի, _c1945. |
||
| 300 |
_a215-255 էջ ; _c21 սմ. |
||
| 500 | _a(Արտատպված Մանկ. ինստիտուտի № 2 գիտ. աշխ. ժողովածուից) | ||
| 504 | _aՄատենագիտ. տողատ. ծանոթ. | ||
| 600 | 1 | 4 | _aԱյտնյան, Արսեն |
| 650 | 1 | 4 |
_aՀայոց լեզու _vԴասագիրք _95515 |
| 710 | 2 | _aՊետական մանկավարժական ինստիտուտ ՀՍՍՌ | |
| 942 | 0 | 0 |
_2udc _cBK |
| 999 |
_c538951 _d538951 |
||